The 3 Most Popular Sports in Every Country (Part 1) - Statistics

General Stats
  • This quiz has been taken 173 times
  • The average score is 22 of 30
Answer Stats
League Team % Correct
Brazil Football/Soccer
99%
England Football/Soccer
99%
Nigeria Football/Soccer
99%
Russia Football/Soccer
99%
South Africa Football/Soccer
99%
Spain Football/Soccer
99%
Brazil Basketball
94%
Nigeria Basketball
94%
Spain Basketball
94%
USA Basketball
94%
Japan Baseball
91%
USA Baseball
91%
Australia Rugby
90%
England Rugby
90%
South Africa Rugby
90%
Australia Cricket
87%
England Cricket
87%
South Africa Cricket
87%
Russia Ice hockey
84%
USA American football
77%
China Table tennis
72%
Brazil Volleyball
58%
Japan Sumo
45%
China Badminton
39%
Australia Australian football
33%
Nigeria Athletics
28%
Japan Judo
27%
Spain Bullfighting
7%
China Kung Fu
6%
Russia Biathlon
1%
No matching quizzes found
Score Distribution
Percent of People with Each Score
Percentile by Number Answered
Your Score History
You have not taken this quiz